Film, form, and culture / (Record no. 13527)

000 -LEADER
fixed length control field 00471cam a2200157 a 4500
020 ## - INTERNATIONAL STANDARD BOOK NUMBER
ISBN 0072902272 (alk. paper)
040 ## - CATALOGING SOURCE
Transcribing agency DLC
082 00 - DEWEY DECIMAL CLASSIFICATION NUMBER
Classification number 791 MCG 1999 A083 Or.
100 1# - MAIN ENTRY--AUTHOR NAME
Personal name Kolker, Robert Phillip.
245 10 - TITLE STATEMENT
Title Film, form, and culture /
260 ## - PUBLICATION, DISTRIBUTION, ETC. (IMPRINT)
Place of publication Boston :
Name of publisher McGraw Hill,
Year of publication c1999.
300 ## - PHYSICAL DESCRIPTION
Number of Pages xviii, 214 p. :
Other physical details ill. ;
Dimensions 24 cm. +
Accompanying material 1 computer laser optical disc (4 3/4 in.)
650 #0 - SUBJECT ADDED ENTRY--TOPICAL TERM
Topical Term Motion pictures.
650 #0 - SUBJECT ADDED ENTRY--TOPICAL TERM
Topical Term Culture in motion pictures.
942 ## - ADDED ENTRY ELEMENTS (KOHA)
Koha item type សៀវភៅភាសាអង់គ្លេស
952 ## - LOCATION AND ITEM INFORMATION (KOHA)
Withdrawn status [LOCAL, KOHA] 0
Holdings
Permanent Location Date acquired Koha item type Lost status Shelving location Barcode Current Location Full call number
Library Block A2017-08-27សៀវភៅភាសាអង់គ្លេស A085A21247Library Block A791 MCG 1999 A085 Or.
មជ្ឈមណ្ឌលឯការនៃសាកលវិទ្យាល័យភូមិន្ទកសិកម្មចំការដូង

Powered by Koha